[Event "2. Hrvatska liga zapad 2017."]
[Site "Pula, Gospić, Rijeka"]
[Date "2017.03.26"]
[Round "3.5"]
[White "Crepan, Marjan"]
[Black "Cucancic, Sinisa"]
[Result "1/2-1/2"]
[WhiteElo "2311"]
[BlackElo "2232"]
[PlyCount "38"]
[EventDate "2017.03.25"]

1. e4 c5 2. Nf3 e6 3. d4 cxd4 4. Nxd4 Nf6 5. Nc3 d6 6. Be2 a6 7. a4 Qc7 8. O-O
Nc6 9. Nb3 Na5 10. Nxa5 Qxa5 11. Bd2 Qc7 12. a5 Bd7 13. Bd3 Bc6 14. Re1 Be7 15.
Qf3 O-O 16. Qh3 e5 17. Bg5 Rfe8 18. Qh4 Qd8 19. Bc4 Nd5 1/2-1/2

[Event "2. Hrvatska liga zapad 2017."]
[Site "Pula, Gospić, Rijeka"]
[Date "2017.03.26"]
[Round "3.5"]
[White "Krkljes, Slaven"]
[Black "Tomljanovic, Goran"]
[Result "0-1"]
[WhiteElo "2196"]
[BlackElo "2052"]
[PlyCount "78"]
[EventDate "2017.03.25"]

1. e4 g6 2. d4 Bg7 3. c4 d6 4. Nc3 Nf6 5. Nf3 O-O 6. Be2 h6 7. h3 Nc6 8. Be3 e5
9. d5 Ne7 10. Qd2 Kh7 11. c5 Ne8 12. Nh2 f5 13. f3 f4 14. Bf2 h5 15. O-O-O Bh6
16. Kb1 Ng8 17. Nb5 Rf7 18. Rc1 Ngf6 19. Rc2 Bd7 20. Rhc1 c6 21. dxc6 Bxc6 22.
Nxd6 Rd7 23. Qc3 Nxd6 24. cxd6 Bg7 25. g4 Ne8 26. gxh5 gxh5 27. Bc5 Nxd6 28.
Rg1 Rc8 29. Rxg7+ Kxg7 30. Qxe5+ Kh6 31. Rd2 Nf7 32. Qxf4+ Qg5 33. Qxg5+ Nxg5
34. Rxd7 Bxd7 35. Bxa7 Bxh3 36. Be3 Kg6 37. Bd3 Nf7 38. f4 Bg4 39. b4 Rc3 0-1

[Event "2. Hrvatska liga zapad 2017."]
[Site "Pula, Gospić, Rijeka"]
[Date "2017.03.26"]
[Round "3.5"]
[White "Prpic, Ivan"]
[Black "Pavlovic, Ranko"]
[Result "0-1"]
[WhiteElo "1959"]
[BlackElo "2159"]
[PlyCount "112"]
[EventDate "2017.03.25"]

1. e4 e6 2. Nf3 d5 3. exd5 exd5 4. d4 Nf6 5. Bd3 Bd6 6. O-O O-O 7. Bg5 Bg4 8.
Nbd2 Nbd7 9. c3 c6 10. Qc2 Qc7 11. h3 Bh5 12. Rfe1 Rfe8 13. b4 Bg6 14. a4 a6
15. Bxg6 hxg6 16. Rxe8+ Rxe8 17. Re1 Rxe1+ 18. Nxe1 Bf4 19. Bxf4 Qxf4 20. Qd3
Kf8 21. Qe3 Qxe3 22. fxe3 Nb6 23. a5 Na4 24. c4 Nb2 25. c5 Ke7 26. Kf1 Ne4 27.
Nxe4 dxe4 28. Ke2 Ke6 29. Kd2 Nc4+ 30. Ke2 g5 31. g3 Kd5 32. h4 f6 33. Ng2 Na3
34. Kd2 Kc4 35. g4 Nb5 36. h5 Nc7 37. Ne1 Kxb4 38. Nc2+ Kc4 39. Na3+ Kb4 40.
Nc2+ Kxa5 41. d5 Nxd5 42. Nd4 Ne7 43. Ne6 Ng8 44. Nxg7 Nh6 45. Nf5 Nxg4 46. Nd6
Kb4 47. Nxe4 a5 48. Kd3 a4 49. Nc3 a3 50. Kd4 Nh6 51. e4 g4 52. Na2+ Kb3 53.
Nc1+ Kc2 54. Na2 Kb2 55. Nb4 a2 56. Nxa2 Kxa2 0-1

[Event "2. Hrvatska liga zapad 2017."]
[Site "Pula, Gospić, Rijeka"]
[Date "2017.03.26"]
[Round "3.5"]
[White "Levar, Nenad"]
[Black "Gradiser, Dragoljub"]
[Result "1-0"]
[WhiteElo "1997"]
[BlackElo "1917"]
[PlyCount "49"]
[EventDate "2017.03.25"]

1. d4 e6 2. Nf3 Nf6 3. c4 c5 4. Nc3 d5 5. cxd5 Nxd5 6. e4 Nxc3 7. bxc3 cxd4 8.
cxd4 Bb4+ 9. Bd2 Qa5 10. Rb1 Bxd2+ 11. Qxd2 Qxd2+ 12. Kxd2 O-O 13. Bd3 Rd8 14.
Rhc1 b6 15. Rc7 Ba6 16. Rbc1 Bxd3 17. Kxd3 Na6 18. Ne5 Nxc7 19. Rxc7 Rf8 20.
Nc6 f6 21. d5 exd5 22. exd5 Rf7 23. d6 Rxc7 24. dxc7 Kf7 25. Nb8 1-0

[Event "2. Hrvatska liga zapad 2017."]
[Site "Pula, Gospić, Rijeka"]
[Date "2017.03.26"]
[Round "3.5"]
[White "Baljak, Jadranko"]
[Black "Jokic, Miljenko"]
[Result "1/2-1/2"]
[WhiteElo "1821"]
[BlackElo "1855"]
[PlyCount "136"]
[EventDate "2017.03.25"]

1. c4 e5 2. Nc3 f5 3. g3 Nf6 4. Bg2 Bc5 5. d3 O-O 6. Nf3 Nc6 7. O-O d6 8. Bg5
h6 9. Bxf6 Qxf6 10. Nd5 Qf7 11. e3 Be6 12. Ne1 Rae8 13. Nc2 a5 14. Rb1 Nd8 15.
a3 c6 16. Nc3 f4 17. Ne4 Qe7 18. Nxc5 dxc5 19. b4 axb4 20. axb4 b5 21. cxb5
cxb5 22. bxc5 Qxc5 23. d4 Qc3 24. d5 Bf5 25. e4 Bd7 26. f3 Nb7 27. Nb4 Rc8 28.
Qd3 Nd6 29. Qxc3 Rxc3 30. gxf4 Rxf4 31. Rfc1 Rxc1+ 32. Rxc1 Nc4 33. Kf2 g5 34.
Nd3 Rf8 35. Kg3 Rc8 36. Bh3 Bxh3 37. Kxh3 Rf8 38. Kg3 Kg7 39. Ra1 Rb8 40. Nb4
Rb6 41. Ra7+ Kf6 42. h4 gxh4+ 43. Kxh4 Nd2 44. Kg3 Nb3 45. Rh7 Kg6 46. Rc7 Nd4
47. Nc6 Kf6 48. Nxd4 exd4 49. Kf4 Rb8 50. e5+ Kg6 51. Ke4 b4 52. Rc2 b3 53. Rb2
d3 54. Kxd3 Kf5 55. Kd4 h5 56. e6 h4 57. Kc5 Kf6 58. Kd6 h3 59. Kc7 h2 60. Rxh2
b2 61. Rh6+ Kf5 62. Rh1 b1=Q 63. Rxb1 Rxb1 64. e7 Re1 65. Kd7 Kf6 66. e8=Q Rxe8
67. Kxe8 Ke5 68. d6 Kxd6 1/2-1/2

[Event "2. Hrvatska liga zapad 2017."]
[Site "Pula, Gospić, Rijeka"]
[Date "2017.04.08"]
[Round "4.1"]
[White "Tirkajla, Boris"]
[Black "Pavlovic, Ranko"]
[Result "1/2-1/2"]
[WhiteElo "2070"]
[BlackElo "2164"]
[PlyCount "35"]
[EventDate "2017.03.25"]

1. f4 Nf6 2. Nf3 c5 3. g3 Nc6 4. Bg2 g6 5. Nc3 Bg7 6. e4 d6 7. d3 O-O 8. O-O
Bd7 9. Kh1 Qc8 10. Be3 Bh3 11. Qd2 Bxg2+ 12. Qxg2 Rb8 13. Rae1 b5 14. f5 b4 15.
Nd1 Ng4 16. Bc1 Nge5 17. Ne3 Nxf3 18. Rxf3 1/2-1/2

[Event "2. Hrvatska liga zapad 2017."]
[Site "Pula, Gospić, Rijeka"]
[Date "2017.04.08"]
[Round "4.1"]
[White "Levar, Nenad"]
[Black "Oljaca, Manuel"]
[Result "1-0"]
[WhiteElo "2005"]
[BlackElo "1997"]
[PlyCount "95"]
[EventDate "2017.03.25"]

1. d4 d5 2. Nf3 e6 3. c4 c5 4. e3 Nf6 5. Nc3 Nc6 6. a3 a6 7. dxc5 Bxc5 8. b4
Ba7 9. Bb2 O-O 10. cxd5 exd5 11. Be2 d4 12. exd4 Nxd4 13. Nxd4 Bxd4 14. O-O Bf5
15. Bf3 Rc8 16. Rc1 Rc7 17. Qd2 Bxc3 18. Bxc3 Qxd2 19. Bxd2 Rfc8 20. Rxc7 Rxc7
21. Bf4 Rc4 22. Rd1 h6 23. Be5 Ne4 24. h3 Rc2 25. Rd8+ Kh7 26. Rb8 f6 27. Bf4
Ra2 28. Rxb7 Rxa3 29. Be3 Ng5 30. Be2 a5 31. Rb5 Be4 32. bxa5 Kg6 33. Rb4 Rxa5
34. Bxg5 Bxg2 35. Kxg2 hxg5 36. Bd3+ Kh6 37. Rb8 g6 38. Rb7 Rc5 39. Bb1 f5 40.
Ba2 Re5 41. Bg8 g4 42. h4 g5 43. Rh7+ Kg6 44. h5+ Kf6 45. Rf7+ Ke6 46. h6 f4
47. h7 f3+ 48. Rxf3+ 1-0

[Event "2. Hrvatska liga zapad 2017."]
[Site "Pula, Gospić, Rijeka"]
[Date "2017.04.08"]
[Round "4.1"]
[White "Grego, Ludvig"]
[Black "Jokic, Miljenko"]
[Result "0-1"]
[WhiteElo "1916"]
[BlackElo "1862"]
[PlyCount "90"]
[EventDate "2017.03.25"]

1. c4 e5 2. Nc3 Nc6 3. Nf3 f5 4. d3 Nf6 5. g3 Bc5 6. Bg2 d6 7. O-O O-O 8. a3 a5
9. Rb1 Bd7 10. Bg5 h6 11. Bxf6 Qxf6 12. Nd5 Qd8 13. b4 axb4 14. axb4 Ba7 15. e3
Ne7 16. Nd2 c6 17. Nc3 Be6 18. b5 d5 19. bxc6 bxc6 20. Qe2 Qa5 21. Rfc1 Rfb8
22. Ra1 Qd8 23. Rcb1 Rxb1+ 24. Ndxb1 dxc4 25. dxc4 Bc5 26. Rxa8 Qxa8 27. Bf1
Qa5 28. Qa2 Bb4 29. Qxa5 Bxa5 30. Na4 Bb4 31. Nb2 e4 32. f3 exf3 33. Kf2 g5 34.
Kxf3 Ng6 35. Nd3 c5 36. Nb2 Ne5+ 37. Kg2 Ng4 38. Nd1 Bc8 39. Be2 Bb7+ 40. Kg1
Ne5 41. Kf2 Kg7 42. Nbc3 Ba6 43. Nb5 Kf6 44. Nb2 Ba5 45. Nd3 Nxc4 0-1

[Event "2. Hrvatska liga zapad 2017."]
[Site "Pula, Gospić, Rijeka"]
[Date "2017.04.08"]
[Round "4.2"]
[White "Cherin, Diego"]
[Black "Crepan, Marjan"]
[Result "0-1"]
[WhiteElo "2219"]
[BlackElo "2284"]
[PlyCount "46"]
[EventDate "2017.03.25"]

1. e4 e5 2. Nf3 Nc6 3. Bc4 Bc5 4. c3 Nf6 5. d3 Bb6 6. O-O O-O 7. Bg5 d6 8. Bb3
Ne7 9. Nh4 Kh8 10. Bxf6 gxf6 11. Qf3 Ng6 12. Nf5 Bxf5 13. exf5 Ne7 14. Qxb7 c6
15. Qa6 Qd7 16. Na3 Nxf5 17. Qa4 d5 18. Qg4 Rg8 19. Qh3 Rg6 20. Nc2 Rh6 21. Qf3
Rg8 22. g3 Nxg3 23. hxg3 Qh3 0-1

[Event "2. Hrvatska liga zapad 2017."]
[Site "Pula, Gospić, Rijeka"]
[Date "2017.04.08"]
[Round "4.2"]
[White "Tomljanovic, Goran"]
[Black "Jurman, Roberto"]
[Result "0-1"]
[WhiteElo "2071"]
[BlackElo "2152"]
[PlyCount "80"]
[EventDate "2017.03.25"]

1. d4 Nf6 2. c4 g6 3. Nc3 Bg7 4. e4 c5 5. d5 d6 6. Bd3 Na6 7. Nge2 Nc7 8. Be3
Ng4 9. Bg5 Ne5 10. f3 Nxd3+ 11. Qxd3 a6 12. g4 Rb8 13. a4 Bd7 14. a5 b5 15.
axb6 Rxb6 16. Ra2 Qb8 17. Kf2 O-O 18. Bxe7 Re8 19. Bg5 Rb4 20. Bd2 Qd8 21. h4
Qe7 22. h5 Reb8 23. g5 Rxb2 24. Rxb2 Rxb2 25. hxg6 fxg6 26. Rb1 Rxb1 27. Qxb1
Ne8 28. Qb7 Qd8 29. Qxa6 h6 30. Qa7 hxg5 31. Bxg5 Qxg5 32. Qxd7 Nf6 33. Qxd6
Nh5 34. Qe6+ Kh7 35. d6 Qd2 36. Qe7 Kh6 37. d7 Bf6 38. Qxc5 Nf4 39. Qe3 Bh4+
40. Kf1 Qe1# 0-1

[Event "2. Hrvatska liga zapad 2017."]
[Site "Pula, Gospić, Rijeka"]
[Date "2017.04.08"]
[Round "4.2"]
[White "Jurman, Pjerino"]
[Black "Prpic, Ivan"]
[Result "1-0"]
[WhiteElo "1986"]
[BlackElo "1943"]
[PlyCount "75"]
[EventDate "2017.03.25"]

1. d4 e6 2. c4 Nf6 3. Nc3 c5 4. d5 exd5 5. cxd5 a6 6. a4 d6 7. Nf3 Bg4 8. Bf4
Nh5 9. Qd2 Be7 10. e4 Bxf3 11. gxf3 Nxf4 12. Qxf4 Bf6 13. Bd3 Qb6 14. O-O-O Nd7
15. Qd2 Ne5 16. Be2 Qb4 17. f4 Nc4 18. Bxc4 Qxc4 19. e5 Bd8 20. Rde1 Ba5 21.
exd6+ Kd7 22. Re7+ Kxd6 23. Qe3 Qd4 24. Rxb7 Rhe8 25. Qg3 Bxc3 26. bxc3 Qxa4
27. f5+ Kxd5 28. Rd1+ Qxd1+ 29. Kxd1 Rad8 30. Qf3+ Ke5+ 31. Kc2 Kf6 32. Qc6+
Kg5 33. Rxf7 Re2+ 34. Kb3 c4+ 35. Kxc4 Red2 36. Rxg7+ Kf4 37. Qh6+ Ke4 38. Qe3+
1-0

[Event "2. Hrvatska liga zapad 2017."]
[Site "Pula, Gospić, Rijeka"]
[Date "2017.04.08"]
[Round "4.2"]
[White "Gradiser, Dragoljub"]
[Black "Crnkovic, Zdravko"]
[Result "1/2-1/2"]
[WhiteElo "1902"]
[BlackElo "2036"]
[PlyCount "124"]
[EventDate "2017.03.25"]

1. e4 e5 2. Nf3 Nc6 3. Bb5 Nd4 4. Ba4 Nxf3+ 5. Qxf3 c6 6. Bb3 Nf6 7. c3 Bc5 8.
O-O O-O 9. d3 d5 10. Bg5 dxe4 11. dxe4 Bg4 12. Bxf6 Qd7 13. Qg3 gxf6 14. h3 h5
15. hxg4 hxg4 16. Na3 Rad8 17. Nc2 Qd2 18. Qxg4+ Kh7 19. Qh5+ Kg7 20. Rad1
Bxf2+ 21. Rxf2 Qxd1+ 22. Qxd1 Rxd1+ 23. Rf1 Rfd8 24. Rxd1 Rxd1+ 25. Kf2 a5 26.
Ne3 Rd2+ 27. Kf3 b5 28. Bc2 c5 29. b3 c4 30. bxc4 bxc4 31. a4 Kg6 32. Bd1 Rd3
33. Be2 Rxc3 34. Bxc4 Ra3 35. Bb5 Kh5 36. g3 Kg5 37. Bd7 Kg6 38. Kf2 Kg7 39.
Nd1 Ra2+ 40. Kf3 f5 41. exf5 Kf6 42. g4 Rc2 43. Ne3 Rd2 44. Bb5 Rd4 45. Nc4
Rf4+ 46. Kg3 Re4 47. Kf3 Rf4+ 48. Kg3 Re4 49. Kh4 Re1 50. Bd7 Rh1+ 51. Kg3 Re1
52. Nxa5 Kg5 53. Nc4 Re4 54. Bb5 Rxg4+ 55. Kf3 Rf4+ 56. Ke3 Kxf5 57. a5 Rh4 58.
a6 Rh3+ 59. Kd2 Rh2+ 60. Kc3 Ra2 61. Kb3 Ra1 62. Na3 Rh1 1/2-1/2

[Event "2. Hrvatska liga zapad 2017."]
[Site "Pula, Gospić, Rijeka"]
[Date "2017.04.08"]
[Round "4.2"]
[White "Fattorich, Igor"]
[Black "Baljak, Jadranko"]
[Result "1-0"]
[WhiteElo "1939"]
[BlackElo "1819"]
[PlyCount "89"]
[EventDate "2017.03.25"]

1. d4 Nf6 2. Nf3 g6 3. Bf4 Bg7 4. Nc3 d5 5. e3 c6 6. h3 O-O 7. Be2 Nbd7 8. Ne5
Re8 9. O-O e6 10. Bf3 Nxe5 11. Bxe5 Nd7 12. Bxg7 Kxg7 13. e4 dxe4 14. Nxe4 Nf6
15. Re1 Nxe4 16. Rxe4 b6 17. g3 Bb7 18. Re3 Qc7 19. Qd3 Rac8 20. Rd1 c5 21.
dxc5 Bxf3 22. Rxf3 Qxc5 23. c3 Re7 24. b3 Rec7 25. c4 a6 26. Qc3+ Kg8 27. Rfd3
Qe7 28. Rd6 Rb7 29. Qd4 Qc7 30. Qf6 Rf8 31. Rd8 Rb8 32. R8d7 Qc5 33. g4 h6 34.
R1d4 Qg5 35. Qf3 Rbd8 36. Qc6 Rxd7 37. Rxd7 h5 38. Qxb6 hxg4 39. Rd3 gxh3+ 40.
Rg3 Qf5 41. Qe3 Rd8 42. Rxh3 Rd1+ 43. Kh2 Qb1 44. Qf3 Rd8 45. Qf6 1-0

[Event "2. Hrvatska liga zapad 2017."]
[Site "Pula, Gospić, Rijeka"]
[Date "2017.04.08"]
[Round "4.2"]
[White "Prpic, Milan"]
[Black "Dragic, Marko"]
[Result "1-0"]
[WhiteElo "1776"]
[BlackElo "1687"]
[PlyCount "149"]
[EventDate "2017.03.25"]

1. d4 Nf6 2. c4 d6 3. Nc3 Bg4 4. h3 Bh5 5. g4 Bg6 6. Bg2 c6 7. f4 e6 8. e4 h5
9. g5 Nfd7 10. Nf3 Na6 11. Qe2 Qe7 12. Nh4 O-O-O 13. Be3 Nc7 14. O-O Bh7 15. d5
c5 16. Rae1 g6 17. Nf3 Bg7 18. Nd2 Rhe8 19. Qd3 e5 20. h4 exf4 21. Bxf4 Be5 22.
Qg3 Bxf4 23. Qxf4 Ne5 24. Re3 Bg8 25. b3 Rf8 26. a3 Kb8 27. Bh3 Na8 28. Nd1 Nb6
29. Nb2 Nbd7 30. Bxd7 Qxd7 31. Nd3 Qg4+ 32. Qxg4 Nxg4 33. Ref3 Rde8 34. b4 b6
35. Rb1 Kc7 36. b5 Kd7 37. Rbf1 Ke7 38. Rf4 f6 39. gxf6+ Rxf6 40. Rxf6 Nxf6 41.
e5 Ng4 42. e6 Ne3 43. Rf4 Nf5 44. Kh2 Bh7 45. Ne4 Kd8 46. Ng5 Bg8 47. Kh3 Ke7
48. Rf3 Ra8 49. Nf4 Kf6 50. Ne2 a6 51. bxa6 Rxa6 52. Ng3 Ra4 53. Nxf5 gxf5 54.
Ne4+ Ke7 55. Rxf5 Rxc4 56. Nf6 Bxe6 57. dxe6 Kxe6 58. Rf3 Ke5 59. Nxh5 d5 60.
Ng3 d4 61. Rb3 Rc3 62. Rxb6 Rxa3 63. Kg2 d3 64. Nf1 Ra2+ 65. Kf3 Kd4 66. Rd6+
Kc3 67. h5 c4 68. h6 Ra8 69. Ne3 Rc8 70. h7 Rh8 71. Rd7 d2 72. Ke2 Kb2 73.
Rxd2+ Kb3 74. Rd7 c3 75. Rb7+ 1-0

[Event "2. Hrvatska liga zapad 2017."]
[Site "Pula, Gospić, Rijeka"]
[Date "2017.04.08"]
[Round "4.3"]
[White "Licardo, Renato"]
[Black "Mandekic, Ivan"]
[Result "1/2-1/2"]
[WhiteElo "2224"]
[BlackElo "2212"]
[PlyCount "80"]
[EventDate "2017.03.25"]

1. e4 c5 2. Nf3 e6 3. d4 cxd4 4. Nxd4 a6 5. c4 Nf6 6. Nc3 Qc7 7. a3 d6 8. Be2
b6 9. Be3 Bb7 10. Qc2 Nbd7 11. O-O Be7 12. f4 O-O 13. Kh1 Rfe8 14. b4 Rac8 15.
Rac1 Qb8 16. Qd3 Bf8 17. Bf3 Qa8 18. Nb3 Red8 19. Nd2 Qb8 20. Qe2 Qa8 21. Qf2
b5 22. cxb5 axb5 23. Bd4 e5 24. Be3 Bc6 25. Ra1 d5 26. exd5 Nxd5 27. Nxd5 Bxd5
28. Rad1 Bxf3 29. Nxf3 exf4 30. Bxf4 Nf6 31. Rxd8 Rxd8 32. Bg5 Ne4 33. Qe2 f6
34. Bf4 Qd5 35. Rc1 g5 36. Be3 Qd3 37. Qa2+ Qd5 38. Qc2 Qd3 39. Qa2+ Qd5 40.
Qc2 Qd3 1/2-1/2

[Event "2. Hrvatska liga zapad 2017."]
[Site "Pula, Gospić, Rijeka"]
[Date "2017.04.08"]
[Round "4.3"]
[White "Karabaic, Ivan"]
[Black "Grbac, Boris"]
[Result "1/2-1/2"]
[WhiteElo "2187"]
[BlackElo "2127"]
[PlyCount "63"]
[EventDate "2017.03.25"]

1. Nf3 Nf6 2. g3 g6 3. Bg2 Bg7 4. O-O O-O 5. c4 d6 6. Nc3 Nc6 7. d3 a6 8. Rb1
e5 9. b4 h6 10. a4 a5 11. b5 Ne7 12. Ba3 Nd7 13. Nd2 Rb8 14. Nd5 b6 15. Nxe7+
Qxe7 16. Ne4 Bb7 17. Nc3 Bxg2 18. Kxg2 Rbc8 19. e4 f5 20. Nd5 Qe6 21. Qe2 f4
22. f3 Rf7 23. Rf2 g5 24. g4 Nf8 25. Kf1 Ng6 26. Ke1 Bf6 27. Kd2 Kg7 28. h3 Rh8
29. Rh2 Bd8 30. Bb2 Kf8 31. Rbh1 Ke8 32. Bc3 1/2-1/2

[Event "2. Hrvatska liga zapad 2017."]
[Site "Pula, Gospić, Rijeka"]
[Date "2017.04.08"]
[Round "4.3"]
[White "Ghersinich, Enrico"]
[Black "Monjac, Mislav"]
[Result "1-0"]
[WhiteElo "2029"]
[BlackElo "2204"]
[PlyCount "61"]
[EventDate "2017.03.25"]

1. e4 c5 2. Nf3 d6 3. d4 cxd4 4. Nxd4 Nf6 5. Nc3 g6 6. Be3 Bg7 7. h3 Nc6 8. Qd2
O-O 9. O-O-O Nxd4 10. Bxd4 Be6 11. g4 Qa5 12. a3 Rfc8 13. Kb1 Qc7 14. Bg2 Qc4
15. Rhe1 Nd7 16. Bxg7 Kxg7 17. f4 Nb6 18. f5 Bd7 19. e5 Bc6 20. f6+ exf6 21.
exf6+ Kxf6 22. Bxc6 bxc6 23. Qh6 Re8 24. Rxd6+ Re6 25. Rdxe6+ fxe6 26. Ne4+ Ke7
27. Qg7+ Kd8 28. Rd1+ Nd5 29. Nf6 Kc8 30. Nxd5 cxd5 31. Rd3 1-0

[Event "2. Hrvatska liga zapad 2017."]
[Site "Pula, Gospić, Rijeka"]
[Date "2017.04.08"]
[Round "4.3"]
[White "Samblic, Silvano"]
[Black "Grguric, Dragan"]
[Result "1-0"]
[WhiteElo "1984"]
[BlackElo "1994"]
[PlyCount "63"]
[EventDate "2017.03.25"]

1. e4 c5 2. Nc3 Nc6 3. d3 g6 4. g3 Bg7 5. Bg2 e6 6. Be3 b6 7. h4 h5 8. Nge2 Nf6
9. Bg5 Rb8 10. d4 cxd4 11. Nxd4 e5 12. Ndb5 O-O 13. Nd5 Ba6 14. Nbc7 Bc4 15. b3
Bxd5 16. Nxd5 Nd4 17. g4 hxg4 18. h5 Ne6 19. Bxf6 Bxf6 20. Qxg4 Bg5 21. hxg6
fxg6 22. Qh3 Kf7 23. Qg3 d6 24. Rh7+ Ng7 25. Ke2 Bf4 26. Nxf4 exf4 27. Qxf4+
Kg8 28. Qh4 g5 29. Qh6 Qe7 30. Rd1 Rbd8 31. Rd5 Rf4 32. Rxg7+ 1-0

[Event "2. Hrvatska liga zapad 2017."]
[Site "Pula, Gospić, Rijeka"]
[Date "2017.04.08"]
[Round "4.3"]
[White "Ikica, Ante"]
[Black "Bogdanic, Katarina"]
[Result "0-1"]
[WhiteElo "1905"]
[BlackElo "1940"]
[PlyCount "184"]
[EventDate "2017.03.25"]

1. e4 c5 2. Nf3 e6 3. d3 Nc6 4. g3 d6 5. Bg2 Nf6 6. O-O Be7 7. Re1 O-O 8. c3
Qc7 9. Nbd2 Rd8 10. Nf1 b5 11. d4 cxd4 12. cxd4 Bb7 13. Bd2 Rac8 14. Rc1 Qb6
15. Be3 Qa6 16. N1d2 Nb4 17. Rxc8 Rxc8 18. Qb3 Qa4 19. Qxa4 bxa4 20. e5 Nfd5
21. Bg5 dxe5 22. Bxe7 Nxe7 23. dxe5 Nd3 24. Rb1 Bd5 25. b3 axb3 26. axb3 Rb8
27. Ra1 Nc6 28. Bf1 Nc5 29. Ra3 Nxb3 30. Nxb3 Rxb3 31. Rxb3 Bxb3 32. Nd2 Bd5
33. f4 a5 34. Nb1 Nd4 35. Bd3 Nf3+ 36. Kf2 Nxh2 37. Be2 Be4 38. Na3 Bf5 39. Ke3
Bg4 40. Bb5 Bh3 41. Kf2 f6 42. exf6 Ng4+ 43. Kg1 Nxf6 44. Nc4 Bf5 45. Nxa5 Ne4
46. Kh2 Nc3 47. Bc4 Nd5 48. Nc6 Kf7 49. Bb3 Kf6 50. Kg2 Be4+ 51. Kf2 Nxf4 52.
Nd4 e5 53. Ke3 exd4+ 54. Kxe4 Ne2 55. g4 Kg5 56. Be6 d3 57. Ke3 Nf4 58. Bc8 Ng6
59. Kxd3 Ne5+ 60. Ke4 Nxg4 61. Kf3 Nf6 62. Bb7 Kf5 63. Kg3 g5 64. Ba8 h5 65.
Bb7 h4+ 66. Kh3 Kf4 67. Bc8 Ne4 68. Bd7 Nf2+ 69. Kg2 Ne4 70. Kh3 Kf3 71. Bc6
Ke3 72. Bd7 Kf2 73. Bc6 Nf6 74. Bb7 Ke3 75. Bc6 Kf4 76. Bb7 Kf5 77. Bc8+ Kg6
78. Be6 Nh5 79. Bd7 Nf4+ 80. Kg4 Kf6 81. Bc6 Nd3 82. Bb7 Ne5+ 83. Kh3 Kg6 84.
Ba6 Kh5 85. Bb7 g4+ 86. Kg2 Kg5 87. Bd5 Kf4 88. Be6 Nd3 89. Bd7 Ne1+ 90. Kf2
Nf3 91. Bc6 h3 92. Kf1 Kg3 0-1

[Event "2. Hrvatska liga zapad 2017."]
[Site "Pula, Gospić, Rijeka"]
[Date "2017.04.08"]
[Round "4.3"]
[White "Dubrovic, Mihovil"]
[Black "Bonaca, Dario"]
[Result "0-1"]
[WhiteElo "1931"]
[BlackElo "1905"]
[PlyCount "60"]
[EventDate "2017.03.25"]

1. e4 d5 2. exd5 Nf6 3. Nc3 Nxd5 4. Bc4 c6 5. Nge2 Bg4 6. f3 Bf5 7. d4 e6 8. a3
Bd6 9. Bd2 O-O 10. g4 Qh4+ 11. Kf1 Bg6 12. Bxd5 exd5 13. Nf4 Bxf4 14. Bxf4 f5
15. Bd6 Rf7 16. Qe2 Nd7 17. g5 Qxg5 18. h4 Qh5 19. Bf4 Nf6 20. Qg2 Re8 21. Ne2
Ne4 22. fxe4 fxe4 23. Kg1 e3 24. Rh3 Be4 25. Qh2 Bf3 26. Ng3 Qg4 27. Be5 Bd1
28. Kh1 Rf2 29. Rxd1 Qxd1+ 30. Qg1 Qf3+ 0-1

[Event "2. Hrvatska liga zapad 2017."]
[Site "Pula, Gospić, Rijeka"]
[Date "2017.04.08"]
[Round "4.4"]
[White "Medancic, Rikard"]
[Black "Bulic, Josip"]
[Result "0-1"]
[WhiteElo "2240"]
[BlackElo "2299"]
[PlyCount "74"]
[EventDate "2017.03.25"]

1. e4 Nf6 2. e5 Nd5 3. d4 d6 4. Nf3 Bg4 5. Be2 e6 6. h3 Bh5 7. O-O Be7 8. c4
Nb6 9. Nc3 O-O 10. Be3 N8d7 11. exd6 cxd6 12. Qb3 Rc8 13. g4 Bg6 14. Rac1 f5
15. c5 dxc5 16. dxc5 Bxc5 17. Rfd1 Bf7 18. Bxc5 Rxc5 19. Qa3 fxg4 20. hxg4 Qb8
21. b4 Rcc8 22. Rd4 h6 23. Rcd1 Ne5 24. b5 Nd5 25. Nxd5 exd5 26. Nxe5 Qxe5 27.
Bf3 Qf6 28. R1d2 Rc4 29. R4d3 Rf4 30. Bd1 Bg6 31. Rxd5 Rxf2 32. Qxf8+ Qxf8 33.
Rxf2 Qb4 34. Rfd2 Qf4 35. R5d4 Be4 36. Rd8+ Kh7 37. R8d4 b6 0-1

[Event "2. Hrvatska liga zapad 2017."]
[Site "Pula, Gospić, Rijeka"]
[Date "2017.04.08"]
[Round "4.4"]
[White "Bulic, Domagoj"]
[Black "Fucak, Emilio Milko"]
[Result "0-1"]
[WhiteElo "2210"]
[BlackElo "2191"]
[PlyCount "94"]
[EventDate "2017.03.25"]

1. c4 c5 2. Nc3 Nc6 3. e4 g6 4. d3 Bg7 5. f4 e6 6. Nf3 Nge7 7. Be2 O-O 8. O-O
b6 9. Be3 d5 10. cxd5 exd5 11. Bf2 Qd7 12. e5 d4 13. Ne4 Nd5 14. Qd2 f6 15.
exf6 Nxf6 16. Nxf6+ Bxf6 17. Rae1 Ba6 18. a3 Rae8 19. Bd1 Qf5 20. Bb3+ Kg7 21.
Rxe8 Rxe8 22. Re1 Re7 23. Rd1 Na5 24. Ba2 Bb7 25. Re1 Nc6 26. h3 h5 27. Nh4
Rxe1+ 28. Bxe1 Qd7 29. Nf3 Ne7 30. Qe2 Nf5 31. Qe6 Qxe6 32. Bxe6 Bxf3 33. gxf3
Be7 34. Bxf5 gxf5 35. Kf1 b5 36. b3 Kf7 37. Ke2 Ke6 38. Kd1 Bd6 39. Bd2 a6 40.
Kc2 Kd5 41. Bc1 Be7 42. Kd2 Bh4 43. Ke2 Bg3 44. Bd2 Bh4 45. Bc1 Be7 46. Kd2 a5
47. Kc2 Bh4 0-1

[Event "2. Hrvatska liga zapad 2017."]
[Site "Pula, Gospić, Rijeka"]
[Date "2017.04.08"]
[Round "4.4"]
[White "Podobnik, Marijan"]
[Black "Barcal, Aleksandar"]
[Result "1-0"]
[WhiteElo "2143"]
[BlackElo "2008"]
[PlyCount "77"]
[EventDate "2017.03.25"]

1. e4 d6 2. d4 Nf6 3. Nc3 g6 4. f4 Bg7 5. Bd3 c6 6. Nf3 b5 7. e5 dxe5 8. dxe5
Nd5 9. Nxd5 Qxd5 10. Qe2 a6 11. Be4 Qc5 12. c3 Be6 13. Be3 Qc4 14. Bd3 Qd5 15.
Ng5 f6 16. Nxe6 Qxe6 17. O-O Nd7 18. exf6 Nxf6 19. f5 Qe5 20. Bd4 Qxe2 21. Bxe2
g5 22. Bf3 Rc8 23. Rfe1 c5 24. Be3 a5 25. Bxg5 Kf7 26. Re2 Rhd8 27. Rae1 Rd7
28. Re6 b4 29. c4 Rcc7 30. Bf4 Rc8 31. g4 Rd4 32. Rxe7+ Kf8 33. Bg3 Re8 34.
Rxe8+ Nxe8 35. b3 Nf6 36. h3 Rd2 37. g5 Rxa2 38. gxf6 Bxf6 39. Bd6+ 1-0

[Event "2. Hrvatska liga zapad 2017."]
[Site "Pula, Gospić, Rijeka"]
[Date "2017.04.08"]
[Round "4.4"]
[White "Kovacevic, Matija"]
[Black "Krsovnik, Emil"]
[Result "0-1"]
[WhiteElo "2020"]
[BlackElo "2065"]
[PlyCount "96"]
[EventDate "2017.03.25"]

1. d4 Nf6 2. Nf3 d5 3. g3 Bf5 4. Bg2 e6 5. O-O Nbd7 6. c4 c6 7. Qb3 Bxb1 8.
Rxb1 b6 9. Nd2 Rc8 10. e4 Nxe4 11. Nxe4 dxe4 12. Qa4 Nf6 13. Qxa7 Bd6 14. Qa4
O-O 15. Rd1 Qc7 16. Bg5 Ng4 17. Bxe4 h6 18. Bd2 h5 19. Bg2 h4 20. c5 hxg3 21.
cxd6 gxf2+ 22. Kf1 Qxd6 23. d5 Nxh2+ 24. Kxf2 f5 25. Kg1 Ng4 26. Qf4 e5 27. Qb4
c5 28. Qc4 e4 29. Qe2 Rce8 30. Bh3 e3 31. Be1 Rf6 32. Bxg4 Rg6 33. Qh2 Rxg4+
34. Kh1 Qxh2+ 35. Kxh2 Kf7 36. Bg3 Rh8+ 37. Kg2 f4 38. Kf3 Rxg3+ 39. Kxf4 Rgh3
40. Re1 R8h4+ 41. Ke5 Rd4 42. Rf1+ Ke7 43. d6+ Rxd6 44. Rf7+ Kxf7 45. Kxd6 Rh6+
46. Ke5 e2 47. Re1 Re6+ 48. Kf4 Kf6 0-1

[Event "2. Hrvatska liga zapad 2017."]
[Site "Pula, Gospić, Rijeka"]
[Date "2017.04.08"]
[Round "4.4"]
[White "Nastic, Milorad"]
[Black "Juras, Zvonko"]
[Result "1/2-1/2"]
[WhiteElo "1873"]
[BlackElo "1907"]
[PlyCount "117"]
[EventDate "2017.03.25"]

1. e4 e5 2. Nf3 Nc6 3. Bb5 a6 4. Bxc6 dxc6 5. d4 exd4 6. Nxd4 c5 7. Ne2 Qxd1+
8. Kxd1 Bd7 9. c4 Be6 10. b3 O-O-O+ 11. Kc2 f6 12. Nbc3 Bd6 13. Bb2 Be5 14.
Rad1 Ne7 15. f4 Bxc3 16. Nxc3 Bg4 17. Rd2 Rxd2+ 18. Kxd2 Rd8+ 19. Ke3 Nc6 20.
h3 Bh5 21. g4 Bg6 22. Rd1 Re8 23. Rd5 b6 24. Rd2 Ne7 25. h4 f5 26. h5 Bf7 27.
Kf3 fxg4+ 28. Kxg4 Nc6 29. e5 Nd4 30. Ne4 Be6+ 31. Kg3 Nf5+ 32. Kf2 h6 33. Ng3
Rf8 34. Kf3 Nxg3 35. Kxg3 Rf5 36. Rh2 Kb7 37. Kf3 b5 38. cxb5 axb5 39. Rc2 Kb6
40. Ke3 Rxh5 41. Rg2 g5 42. fxg5 Rxg5 43. Rf2 Rf5 44. Rg2 Rg5 45. Rf2 Rg3+ 46.
Ke4 Kc6 47. Rf6 Kd7 48. Rxh6 Rg2 49. Rh7+ Kd8 50. Bc1 Re2+ 51. Kf4 Rxa2 52. Be3
Rc2 53. Rh8+ Kd7 54. Ke4 Bxb3 55. Rh7+ Kc8 56. Rh6 Rc4+ 57. Kd5 Rh4+ 58. Kxc5
Rxh6 59. Bxh6 1/2-1/2